000 00598nam a22001817a 4500
999 _c188435
_d188435
005 20220523115059.0
010 _aENG-132767
020 _c700.00
_a978-93-534-3585-1
035 _aEN-116299
037 _bDBAD/PUB
082 _2620.00151
100 _aDas, Sivaramakrishna
245 _aEngineering Mathematics-I/
_cSivaramakrishna Das
260 _aNoida
_bPerson India Education Services Pvt. Ltd.
_c2019
270 _bNoida
_a15th Floor, Tower-B,World Trade Tower, Plot No.1, Block-C, Sec.-16
_e201301
300 _axv,v.p.
_c22cm(pbk)
942 _2ddc
_cEN
_h620.00151
_mDAS